[Event "Aegean op 39th"]
[Site "Aghios Kirykos"]
[Date "2016.07.12"]
[Round "2"]
[White "Seferis, Georgios"]
[Black "Bergara Ede, Josu"]
[Result "1-0"]
[WhiteElo "1626"]
[BlackElo "1810"]
[PlyCount "103"]
[EventDate "2016.07.11"]
[EventType "swiss"]
[EventRounds "9"]
[EventCountry "GRE"]
[SourceTitle "EXT 2017"]
[Source "ChessBase"]
[SourceDate "2016.10.25"]
[SourceVersion "1"]
[SourceVersionDate "2016.10.25"]
[SourceQuality "1"]

1. d4 g6 2. Nf3 Bg7 3. Bf4 c5 4. c3 cxd4 5. cxd4 d5 6. Nc3 Nc6 7. e3 Bf5 8. Qb3 Nf6 9. Qxb7 Qc8 10. Ba6 0-0 11. Qb5 Qe8 12. Ne5 Nxe5 13. Bxe5 Be6 14. 0-0 Ne4 15. Bxg7 Qxb5 16. Nxb5 Kxg7 17. f3 Nf6 18. Nc7 Rab8 19. Nxe6+ fxe6 20. b3 Rb6 21. Bd3 Rc8 22. Rfc1 Rbc6 23. Rxc6 Rxc6 24. Kf2 Kf7 25. Ke2 Nh5 26. Kd2 Ng7 27. g4 Ne8 28. Rc1 Rxc1 29. Kxc1 Nd6 30. Kd2 Ke8 31. Kc3 Kd8 32. Kb4 Kc7 33. a4 Kb6 34. a5+ Kc7 35. h3 Kc6 36. f4 Kc7 37. g5 Kc6 38. h4 Kc7 39. Kc5 Nb7+ 40. Kb5 Nd6+ 41. Ka6 Kb8 42. Bb5 Nf5 43. Bd7 Nxe3 44. Bxe6 Ng2 45. Bxd5 Nxh4 46. Be4 e6 47. b4 Nf5 48. Bxf5 gxf5 49. b5 Ka8 50. b6 axb6 51. Kxb6 Kb8 52. Kc6 1-0

[Event "Erandio op 20th"]
[Site "Erandio"]
[Date "2011.12.20"]
[Round "5"]
[White "Prieto Aranguren, Alain"]
[Black "Bergara Ede, Josu"]
[Result "1/2-1/2"]
[WhiteElo "2234"]
[BlackElo "1797"]
[PlyCount "74"]
[EventDate "2011.12.17"]
[EventType "swiss"]
[EventRounds "9"]
[EventCountry "ESP"]
[SourceTitle "EXT 2024"]
[Source "ChessBase"]
[SourceDate "2023.10.10"]
[SourceVersion "1"]
[SourceVersionDate "2023.10.10"]
[SourceQuality "1"]

1. d4 Nf6 2. c4 g6 3. Nf3 Bg7 4. Nc3 d5 5. Qb3 dxc4 6. Qxc4 0-0 7. e4 Bg4 8. Be3 Nfd7 9. Rd1 Nc6 10. Qb3 Nb6 11. d5 Ne5 12. Be2 Nxf3+ 13. gxf3 Bh5 14. f4 Bxe2 15. Nxe2 Qd7 16. h4 Qa4 17. Qxa4 Nxa4 18. b3 Nc3 19. Nxc3 Bxc3+ 20. Ke2 f5 21. Rc1 Ba5 22. e5 Rfd8 23. Rhd1 Rac8 24. Rc4 c6 25. dxc6 Rxc6 26. Rxc6 Rxd1 27. Kxd1 bxc6 28. Bxa7 e6 29. Bc5 Kf7 30. f3 Ke8 31. b4 Bd8 32. Bf2 Kd7 33. Kc2 Kc8 34. Kb3 Kb7 35. Kc4 Be7 36. b5 cxb5+ 37. Kxb5 Kc7 1/2-1/2